Statistics for Tile select: Elements of the periodic table

Click here to take the quiz!

General Stats

  • This quiz has been taken 16 times
  • The average score is 56 of 80

Answer Stats

QuestionTileSelect% Correct
metal elementsBromineNo
100%
metal elementsHydrogenNo
100%
metal elementsIodineNo
100%
metal elementsNeonNo
100%
elements whose symbol is one letterBismuthNo
93%
metal elementsCarbonNo
93%
elements whose symbol is one letterHeliumNo
93%
elements whose symbol is one letterIndiumNo
93%
elements whose symbol is one letterNeonNo
93%
metal elementsPhosphorusNo
93%
elements whose symbol is one letterPlutoniumNo
93%
elements whose symbol is one letterSeleniumNo
93%
elements whose symbol is one letterThalliumNo
93%
metal elementsXenonNo
93%
elements whose symbol is one letterBoronYes
87%
elements whose symbol is one letterHydrogenYes
87%
elements discovered before 1800IridiumNo
87%
elements discovered before 1800LanthanumNo
87%
elements whose symbol is one letterNitrogenYes
87%
elements whose symbol is one letterOganessonNo
87%
elements whose symbol is one letterOxygenYes
87%
elements whose symbol is one letterPotassiumYes
87%
elements whose symbol is one letterSulfurYes
87%
elements discovered before 1800TantalumNo
87%
elements whose isotopes are all radioactiveCaesiumNo
80%
metal elementsChromiumYes
80%
lanthanidesIndiumNo
80%
elements whose symbol is one letterIodineYes
80%
elements whose isotopes are all radioactiveIodineNo
80%
elements whose isotopes are all radioactiveMagnessiumNo
80%
lanthanidesYttriumNo
80%
metal elementsCadmiumYes
73%
elements discovered before 1800GermaniumNo
73%
metal elementsIridiumYes
73%
elements discovered before 1800NeonNo
73%
elements whose isotopes are all radioactiveRutheniumNo
73%
elements whose isotopes are all radioactiveStrontiumNo
73%
elements whose symbol is one letterTungstenYes
73%
elements whose isotopes are all radioactiveXenonNo
73%
lanthanidesZirconiumNo
73%
elements whose isotopes are all radioactiveCaliforniumYes
67%
elements discovered before 1800MercuryYes
67%
elements discovered before 1800NickelYes
67%
lanthanidesOsmiumNo
67%
elements discovered before 1800OxygenYes
67%
lanthanidesSamariumYes
67%
metal elementsSeleniumNo
67%
elements whose isotopes are all radioactiveUraniumYes
67%
elements whose isotopes are all radioactiveZirconiumNo
67%
elements whose isotopes are all radioactiveAmericiumYes
60%
metal elementsCalciumYes
60%
lanthanidesHafniumNo
60%
elements discovered before 1800HydrogenYes
60%
elements whose isotopes are all radioactiveLanthanumNo
60%
elements discovered before 1800PhosphorusYes
60%
lanthanidesPraceodymiumYes
60%
elements discovered before 1800SulfurYes
60%
metal elementsThalliumYes
60%
metal elementsYtterbiumYes
60%
lanthanidesAmericiumNo
53%
lanthanidesErbiumYes
53%
lanthanidesEuropiumYes
53%
elements whose isotopes are all radioactiveFermiumYes
53%
metal elementsGalliumYes
53%
elements whose isotopes are all radioactiveRutherfordiumYes
53%
lanthanidesTantalumNo
53%
metal elementsActiniumYes
47%
lanthanidesHolmiumYes
47%
elements discovered before 1800PlatinumYes
47%
lanthanidesYtterbiumYes
47%
elements whose isotopes are all radioactiveActiniumYes
40%
elements discovered before 1800CalciumNo
40%
lanthanidesCeriumYes
40%
elements discovered before 1800HeliumNo
40%
lanthanidesLutetiumYes
40%
lanthanidesProtactiniumNo
40%
elements discovered before 1800SodiumNo
40%
elements whose isotopes are all radioactiveAstatineYes
33%
elements discovered before 1800FluorineYes
33%
elements whose isotopes are all radioactiveTechnetiumYes
33%

Score Distribution

Percentile by Number Answered

Percent of People with Each Score

Your Score History

You have not taken this quiz